| 000 | 01264nam a2200361 i 4500 | ||
|---|---|---|---|
| 001 | bg11566 | ||
| 003 | KOSZ 005 | ||
| 005 | 20220407152435.0 | ||
| 008 | 070922s1968 pl a f f 000 0 pol | ||
| 015 | _aPB 1968/6882 | ||
| 040 |
_aWA N _cWA N _dKOSZ 005/RW _dKOSZ 005/HR |
||
| 046 | _k1968 | ||
| 080 | _a621.9 | ||
| 080 | _a674 | ||
| 080 | _a631.3 | ||
| 100 | 1 |
_aJędrzejewski, Henryk _eAutor |
|
| 245 | 1 | 0 |
_aTechnologia obróbki metali i drewna : _bpodręcznik dla techników mechanizacji rolnictwa / _cH. Jędrzejewski, T. Mucha, St. Szczubełek. |
| 250 | _aWyd. 2. | ||
| 260 |
_aWarszawa : _bPaństwowe Wydawnictwo Rolnicze i Leśne, _c1968. |
||
| 300 |
_a455, [1] s. : _bil. ; _c25 cm. |
||
| 380 | _aKsiążki | ||
| 388 | _a1901-2000 | ||
| 388 | _a1945-1989 | ||
| 650 | 4 | _aObróbka metali | |
| 650 | 4 | _aTechnologia drewna | |
| 655 | 4 | _aPodręczniki dla szkół zawodowych | |
| 658 | _aInżynieria i technika | ||
| 700 | 1 |
_aMucha, Tadeusz _eAutor |
|
| 700 | 1 |
_aSzczubełek, Stanisław _eAutor |
|
| 710 | 2 |
_aPaństwowe Wydawnictwo Rolnicze i Leśne _4pbl. |
|
| 856 |
_uhttp://koha.tu.koszalin.pl/cgi-bin/koha/opac-detail.pl?biblionumber=11566 _yKatalog online BPK |
||
| 942 |
_2UKD _cKS |
||
| 999 |
_c11566 _d11566 |
||